Svet roľníka agrárna kultúra Slovenska ako predmet etnografického výskumu

Bibliographic Details
Main Author: Slavkovský, Peter, 1945- (Author)
Format: Book
Language:Slovak
PhysicalDescription:135 s. fotogr. 24 cm
Published: Bratislava Veda 2011
ISBN:9788022412056
Edition:1. vyd.
Series:Etnologické štúdie
Subjects:

MARC

LEADER 00000cam a2200000 a 4500
001 vtls010344163
003 SK-MaSNL
005 20260425232855.0
008 251029s2011 xo o f 000 0 slo
015 |a SNBA2012/08-04304 
020 |a 9788022412056  |q (viaz.) 
035 |a DD87418B-E498-418F-A997-160370FD9E83 
035 |a urn:nbn:sk:snk-amjjzc 
035 |a urn:nbn:sk:snk-am000ywb 
040 |a SNK  |b slo  |c SNK  |e AACR2 
041 0 |a slo  |b eng 
043 |a e-xo--- 
044 |a xo  |c SK 
072 7 |a 63  |x Poľnohospodárstvo a príbuzné oblasti vedy a techniky  |2 konspekt 
072 7 |a 39  |x Etnológia. Etnografia. Folklór  |2 konspekt 
080 |a 39:631  |2 2001 
080 |a 63:930  |2 2001 
080 |a 39:001.891  |2 2001 
080 |a (437.6)  |2 2001 
080 |a (048.8)  |2 2001 
080 |a 394  |2 2001 
080 |a 63-051  |2 2001 
080 |a 63  |2 2001 
080 |a 316.334.55-054.4  |2 2001 
100 1 |a Slavkovský, Peter,  |d 1945-  |4 aut  |9 102194 
245 1 0 |a Svet roľníka  |b agrárna kultúra Slovenska ako predmet etnografického výskumu  |c Peter Slavkovský 
246 3 0 |a Agrárna kultúra Slovenska ako predmet etnografického výskumu 
250 |a 1. vyd. 
260 |a Bratislava  |b Veda  |c 2011 
300 |a 135 s.  |b fotogr.  |c 24 cm 
490 1 |a Etnologické štúdie  |v 17 
504 |a Bibliogr. s. 124-129 
546 |a Angl. res. 
650 0 7 |a agrikultúra  |2 SNKPH  |9 78858 
650 0 7 |a každodenný život  |2 SNKPH  |9 4946 
650 0 7 |a roľníci  |2 SNKPH  |9 58923 
650 0 7 |a etnografický výskum  |2 SNKPH  |9 4239 
650 0 7 |a Agricultural historiography  |2 SNKPHeng  |9 414456 
650 0 7 |a Agriculture  |2 SNKPHeng  |9 265172 
650 0 7 |a Farmers  |2 SNKPHeng  |9 417365 
650 0 7 |a Ethnographical research  |2 SNKPHeng  |9 289515 
650 0 7 |a poľnohospodárstvo  |2 SNKPH  |9 679 
650 0 7 |a vidiecké obyvateľstvo  |2 SNKPH  |9 70316 
650 0 7 |a agrárna historiografia  |2 SNKPH  |9 117305 
650 0 7 |a Rural population  |2 SNKPHeng  |9 345036 
651 7 |a Slovensko  |2 SNKPH  |9 14231 
651 7 |a Slovakia  |2 SNKPHeng  |9 92630 
655 7 |a štúdie  |2 SNKPH  |9 57033 
655 7 |a Studies  |2 SNKPHeng  |9 265573 
830 0 |a Etnologické štúdie  |9 344565 
852 |a Štátna vedecká knižnica v Banskej Bystrici 
919 |a 978-80-224-1205-6 
968 |d 39 
999 |c 750721  |d 752651 
952 |a SNK  |b SNK  |y PREZ  |7 0  |p 17A0880047  |o snkSC 148714  |i snk2012/5860  |8 0  |0 0  |1 0  |4 0  |d 2012-03-08  |l 0  |r 2025-07-17 00:00:00  |w 2026-02-23 
952 |a SNK  |b SNK  |y VYP  |7 0  |p 17A0880048  |o snkSC 148714 D1  |i snk2012/5861  |8 0  |0 0  |1 0  |4 0  |d 2012-03-08  |l 0  |r 2026-02-23 23:30:44  |w 2026-02-23